00671nam a2200217Ia 450000100060000000300090000600500170001500800410003202000180007304000280009104100080011908200150012710000300014224500820017226000580025430000180031249000290033065000340035965000310039365000290042421322DO-CoUTE20260204212533.0220104s9999 dr 000 0 spa d a958-20-0705-2 aDO-CoUTEbspacDO-CoUTE0 aspa a153.9 Z93d1 aDe Zuberia Samper, Julian10aDiez estudios sobre inteligencia y excepcionalidad / Julian De Zuberia Samper aBogotá, Colombia : Cooperativa Editorial Magisterio a256 páginas aColección Aula Abierta 4aDesarrollo de la Inteligencia 4aInteligencia - Estudios  4aNiños Excepcionales